1323 1821 1559 1030 1229 1643 1694 1583 1016 1108 1232 1357 1859 1896 1490 1128 1161 1543 1605 1931 1756 1036 1144 1690 1873 1747 1483 1945 1881 1428 1074 1183 1506 1957 1300 1945 1461 1506 1601 1766 1994 1578 1617 1819 1363 1869 1804 1674 1779 1420 1517 1136 1346 1584 1838 1422 1863 1308 1523 1978 1374 1324 1898 1489 1627 1756 1274 1121 1534 1568 1055 1203 1990 1398 1639 1399 1220 1192 1721 1795 1590 1491 1442 1484 1318 1347 1042 1292 1062 1545 1065 1715 1668 1404 1587 1736 1749 1040 1840 BCNSPRNW ULIB Ver.6.0+V

เปลี่ยนเป็นภาษาไทย

Change to English
 แสดงรายละเอียดบรรณานุกรม
  กลับหน้าหลัก

Brief Record : Get Marc (ISO 2709) : E-mail record : QR code < ปิดหน้าต่าง
LEADER : 00000nam 2200000uu 4500
001    13399120353
003     ULIB
008    120918s2548||||th 000 0 tha d
020    ^a9749377656
020    ^a9789749377659
060 04 ^aWY157^bว337ก 2548
245 00 ^aการพยาบาลสูติศาสตร์ =^bอาหารสมุนไพรสำหรับสตรีมีครรภ์และมารดาหลังคลอด : Obstetrics nursing herb diet for pregnancy and post partumwomen /^cบรรณาธิการ, วรุณวรรณ ผาโคตร, สิรนาถ นุชนาถ
246 31 ^aObstetrics nursing herb diet for pregnancy and post partumwomen
250    ^aพิมพ์ครั้งที่ 1
260    ^aกรุงเทพฯ :^bเค.เอส.พี การพิมพ์,^c2548
300    ^aก-ญ, 256 หน้า ;^c26 ซม.
650  7 ^aการพยาบาลสูติศาสตร์
650  7 ^aมารดา^xโภชนาการ
650  7 ^aระยะหลังคลอด^xโภชนาการ
650  7 ^aสมุนไพร
650  7 ^aสูติศาสตร์
650  7 ^aอนามัยแม่และเด็ก
700 0  ^aวรุณวรรณ ผาโคตร,^eบรรณาธิการ
700 0  ^aสิรนาถ นุชนาถ,^eบรรณาธิการ
945    ^p199^l0^i14214
995    ^aวิภา
999 ^a ใช้งานได้ทุกระบบ
รายการนี้ยังไม่มีแท็ก
คุณยังไม่ได้ล็อกอิน คุณสามารถมีกิจกรรมร่วมกับเว็บไซต์ได้ แต่ต้องล็อกอินก่อน ::
  ล็อกอิน

รายการสื่อสารสนเทศ

ลำดับที่ ประเภท เลขเรียก/บาร์โค้ด สถานที่ สถานะ
1. วิทยาศาสตร์การแพทย์ และสุขภาพ
วิทยาศาสตร์การแพทย์ และสุขภาพ
WY157 ว337ก 2548  
  Barcode: 14214
ห้องสมุดวิทยาเขตสวรรค์ประชารักษ์
►หนังสือทั่วไป
บนชั้น

รายการใกล้เคียง
    หัวเรื่อง [การพยาบาลสูติศาสตร์]
    หัวเรื่อง [สมุนไพร]
    หัวเรื่อง [สูติศาสตร์]
    หัวเรื่อง [อนามัยแม่และเด็ก]

BibComment


ยังไม่เคยถูกคอมเมนท์

คอมเมนท์ทรัพยากรรายการนี้
  คอมเมนท์: การพยาบาลสูติศาส..


 Copyright 2026. Bcnsprnw @Library